000 00421nam a2200181Ia 4500
001 5197
005 20260306145850.0
008 260306t2005||||xx |||||||||||||| ||spa||
041 _aESP
082 _a338.04092
_bP78
100 _aPortocarrero, Gonzalo
_eAUT
245 0 _aLa mentalidad de los empresarios peruanos
260 _c2005
300 _a
_c
650 _aGEN
654 _aCAN
942 _cLIB
_dJUS
_fJUS
_2ddc
_n
999 _c5197
_d5197